Vyučovanie cudzích jazykov po novom zo zasadnutia Rady vlýdy Slovenskej republiky pre verejnú správu

Bibliographic Details
Main Author: Búšik, Jozef, 1950- (Author)
Format: Article
Language:Slovak
ISSN:1335-7883
Subjects:

MARC

LEADER 00000nab a2200000 ar4500
001 vtls009002440
003 SK-MaSNL
005 20260303225127.0
008 070628c2007 xo sr|p|||||||000 b|slo
015 |a SNBRB2007/09  |2 snkbucl 
038 |a SNKBUCL 
040 |a SNKBUCL  |b slo  |c SNKBUCL  |e AACR2 
041 0 |a slo 
044 |a xo  |c SK 
080 |a 328.1  |x (437.6)  |2 2001 
080 |a 352  |x (437.6)  |2 2001 
100 1 |a Búšik, Jozef,  |d 1950-  |4 aut  |9 242062 
245 1 0 |a Vyučovanie cudzích jazykov po novom  |b zo zasadnutia Rady vlýdy Slovenskej republiky pre verejnú správu  |c Jozef Búšik 
610 1 7 |a Slovensko.  |b Vláda.  |b Rada pre verejnú správu  |x zasadanie  |2 snkbucl  |9 1035381 
648 7 |a 2007  |2 snkbucl  |9 313226 
773 0 |t Verejná správa  |g Roč. 62, č. 17 (2007), s. 9  |x 1335-7883 
852 |a SNK  |b KIS3GCP 
958 |a SK 
999 |c 2255804  |d 2257734